000 00455nam a2200181 a 4500
001 1770212244322
003 YourLibrary
005 20260204191113.0
008 260204s2008##################000#0#eng##
020 _a9780199298365
082 0 4 _a302.35
_bTOW
100 1 _aTownley, Barbara,
_eauthor.
245 1 0 _aReason's Neglect :
260 _c2008.
650 0 _aBusiness & Economics.
942 _cENGLISH
040 _aYourLibrary
_beng
_cYourLibrary
999 _c610214
_d610214